[Event "Mechanics' Bedjanian TNM; G/2 d/5"]
[Site "San Francisco"]
[Date "2018.12.04"]
[Round "7.8"]
[White "Wong, Russell"]
[Black "Jensen, Christian"]
[Result "1-0"]
[WhiteElo "2200"]
[BlackElo "1844"]
[Annotator "Winslow,Elliott"]
[PlyCount "45"]
[EventDate "2018.??.??"]
[Source "ChessBase"]
[SourceDate "2007.09.04"]

1. e4 c5 2. Nf3 d6 3. d4 cxd4 4. Nxd4 Nf6 5. Nc3 g6 6. Be3 Bg7 7. Be2 O-O 8. g4
{In the Mega database: 7 games, no draws (!)} d5 $1 {Before g4-g5 is annoying}
9. exd5 (9. e5 Ne4 10. Ndb5 (10. f4 Nxc3 11. bxc3 Nc6 12. Nxc6 bxc6 13. O-O Qa5
14. Qd4 f6 15. c4 Be6 16. cxd5 cxd5 17. c4 {
1-0 (67) Louma,J-Kottnauer,C Prague 1943}) 10... Nxc3 11. Nxc3 Bxe5 12. Nxd5
Bxb2 13. Rb1 Be5 14. Bh6 Re8 15. O-O Nc6 16. Bc4 e6 17. Ne3 Qh4 18. f4 Qxh6 19.
g5 Qg7 20. fxe5 Qxe5 21. Qf3 Qxg5+ 22. Kh1 Ne5 23. Qf2 b6 {
0-1 (23) Roeblitz,P-Feick,S Berlin West 1986}) 9... Nxd5 10. Nxd5 Qxd5 11. Bf3
$15 Qe5 $146 {Starting a campaign of discoordination -- of his own pieces} (
11... Qa5+ $1 12. c3 Nc6 $1 13. Bxc6 bxc6 14. Qf3 $2 (14. O-O) 14... Ba6 $1 $19
{0-1 (43) Martinez Cordobes, M-Izquierdo,D (2310) Uruguay 1983}) 12. Qe2 (12.
c3) 12... Rd8 13. c3 Nd7 14. O-O-O Qa5 15. Nb3 Qc7 16. h3 Rb8 17. Bxa7 Ra8 18.
Qe3 Be5 19. Kb1 Bf4 20. Bb6 Nxb6 21. Rxd8+ Kg7 22. Rxc8 Rxc8 23. Qe4 {
[#] resigns?!} ({At least try} 23. Qe4 Nc4 $1 {
Now if White gets a bit greedy and carelessly grabs,} 24. Qxb7 $2 {Black bites!
} Na3+ $1 25. bxa3 $4 (25. Ka1 Nc2+ 26. Kb1 Na3+ $11) 25... Qxc3 26. Qe4 Be5
27. Qe2 Rb8 $19 28. Bd5 {
Now the computer thought for a while that White was okay, then up came:} Qa1+
29. Kc2 Rc8+ 30. Bc4 (30. Kd3 Qc3+ 31. Ke4 f5+ $1 32. gxf5 gxf5+ 33. Kxf5 Rf8+
34. Kg4 Qc8+ 35. Kh4 Rf4+) 30... Qb2+ $1 (30... Qc3+ 31. Kb1 Rxc4 $4 32. Rc1 $1
Re4 33. Rxc3 Rxe2 34. Re3 $16) 31. Kd1 (31. Kd3 Qc3+ 32. Ke4 Rxc4+) 31... Qb1+
({or} 31... Rd8+) 32. Nc1 (32. Kd2 Bf4+ 33. Kc3 Qxh1) 32... Bf4 ({or} 32...
Rd8+) 33. Qc2 Rd8+ {no "or"} 34. Bd3 Rxd3+ 35. Qxd3 Qxc1+ 36. Ke2 Qxh1 $19) ({
Unfortunately, after} 23. Qe4 Nc4 {there are a LOT of better moves.} 24. Rd1 {
is the best of the rest, with the clear advantage an extra pawn provides.}) 1-0

[Event "Mechanics' Summer TNM; G/2 d/5"]
[Site "San Francisco"]
[Date "2018.06.05"]
[Round "2.30"]
[White "Wong, Russell"]
[Black "Lucas, Jermorio"]
[Result "1-0"]
[WhiteElo "2200"]
[BlackElo "1239"]
[PlyCount "53"]
[EventDate "2018.??.??"]
[Source "ChessBase"]
[SourceDate "2007.09.04"]

1. e4 e6 2. Qe2 Nc6 3. Nf3 Nge7 4. g3 d6 5. Bg2 Ng6 6. O-O Be7 7. d4 Bd7 8. Nc3
O-O 9. h4 Re8 10. h5 Nf8 11. h6 Ng6 12. e5 a6 13. hxg7 dxe5 14. dxe5 Bb4 15.
Bg5 Nce7 16. Bf6 Bxc3 17. bxc3 c5 18. Ng5 h6 19. Qh5 Nf5 20. Bxd8 Raxd8 21. g4
hxg5 22. gxf5 exf5 23. Qxg5 Kxg7 24. Qf6+ Kg8 25. Rad1 Re7 26. e6 fxe6 27.
Qxg6+ 1-0

[Event "Mechanics' Winter TNM; G/2 d5"]
[Site "San Francisco"]
[Date "2018.01.30"]
[Round "4.3"]
[White "Wong, Russell"]
[Black "O'Connor, Derek"]
[Result "0-1"]
[WhiteElo "2200"]
[BlackElo "2275"]
[PlyCount "166"]
[EventDate "2018.??.??"]
[Source "ChessBase"]
[SourceDate "2007.09.04"]

1. e4 e5 2. Nc3 Nf6 3. g3 d5 4. exd5 Nxd5 5. Bg2 Nxc3 6. bxc3 Bc5 7. Ne2 Nc6 8.
O-O O-O 9. d3 Bg4 10. h3 Bh5 11. Rb1 Rb8 12. g4 Bg6 13. Ng3 Qd7 14. Be3 Bb6 15.
c4 Nd4 16. Bxd4 Qxd4 17. Nf5 Qd8 18. Be4 Bxf5 19. gxf5 Qf6 20. Kh1 Kh8 21. Qh5
c6 22. a4 Rg8 23. Ra1 Bc5 24. Rab1 b6 25. Qf3 Rbc8 26. Rg1 g6 27. fxg6 Qxf3+
28. Bxf3 hxg6 29. Rge1 f6 30. Kg2 Kg7 31. h4 Kf7 32. Kf1 Rh8 33. h5 gxh5 34.
Ke2 h4 35. Rh1 f5 36. Rbg1 Be7 37. Ra1 Rh6 38. Rh3 Rd6 39. Rhh1 Bg5 40. Rag1
Kf6 41. Rb1 Re8 42. Rhd1 Bf4 43. a5 e4 44. dxe4 Rxd1 45. Rxd1 bxa5 46. Ra1 fxe4
47. Bg4 Re5 48. f3 exf3+ 49. Kxf3 Kg5 50. Bd7 Rc5 51. Ra4 Bd2 52. Ke2 Bb4 53.
Ra1 Rxc4 54. Rg1+ Kf6 55. Kd3 Rc3+ 56. Ke4 Rxc2 57. Rh1 Ke7 58. Bf5 Rc4+ 59.
Kd3 Rf4 60. Be4 Kd6 61. Rd1 Ke5 62. Bxc6 Rd4+ 63. Ke2 Rxd1 64. Kxd1 Kf4 65. Ke2
Kg3 66. Kf1 Bc5 67. Bd5 h3 68. Bc6 h2 69. Ke2 a4 70. Kd3 Kf2 71. Kc4 Bf8 72.
Kc3 Kg1 73. Kb2 h1=Q 74. Bxh1 Kxh1 75. Ka2 Kg2 76. Kb2 Kf3 77. Ka2 Ke3 78. Kb2
Kd3 79. Ka2 Kc3 80. Kb1 Kb3 81. Ka1 Bg7+ 82. Kb1 a3 83. Kc1 a2 0-1

[Event "Mechanics' Spring TNM; G/2 d5"]
[Site "San Francisco"]
[Date "2018.04.10"]
[Round "4.22"]
[White "Wong, Russell"]
[Black "Perlov, Alexander"]
[Result "1-0"]
[WhiteElo "2200"]
[BlackElo "1474"]
[Annotator "Donaldson"]
[PlyCount "67"]
[EventDate "2018.??.??"]
[Source "ChessBase"]
[SourceDate "2007.09.04"]

1. e4 c6 2. d4 d5 3. Nc3 dxe4 4. Nxe4 Nd7 5. Bc4 Ngf6 6. Ng5 e6 7. Ne2 Bd6 8.
O-O Qc7 9. Ng3 O-O 10. Re1 Nb6 11. Bd3 h6 12. N5e4 Nbd5 13. c4 Nxe4 14. Rxe4
Nf6 15. Rh4 Bxg3 16. hxg3 e5 17. Qf3 Qe7 18. dxe5 Qxe5 19. Bd2 Rd8 20. Re1 Qd6
21. Re3 Be6 22. Bc3 Nh7 23. Qh5 Qf8 24. Qe5 Nf6 {Diagram [#]} 25. Rxh6 $2 ({
Tempting, but wrong. Correct was} 25. Qf4 $1 {and Black has no defense.}) 25...
Rxd3 $1 26. Rxf6 $2 {Continuing on the wrong path.} (26. Rxd3 {was equal.})
26... Rxe3 $2 (26... Rxc3 $1 {wins as does}) (26... gxf6 27. Qxf6 Rxc3) 27.
Qxe3 gxf6 28. Bxf6 Kh7 $2 (28... Bf5 29. Qg5+ Bg6 30. Qh4 Bh7 31. Qg5+ Bg6 $11)
29. Qe4+ $18 Kh6 30. g4 Bxg4 31. Qxg4 Qg8 32. Qh4+ Kg6 33. Qg5+ Kh7 34. Qh5#
1-0

[Event "Mechanics' Spring TNM; G/2 d5"]
[Site "San Francisco"]
[Date "2018.03.27"]
[Round "2.19"]
[White "Wong, Russell"]
[Black "Robeal, Rafik"]
[Result "1-0"]
[WhiteElo "2200"]
[BlackElo "1682"]
[PlyCount "53"]
[EventDate "2018.??.??"]
[Source "ChessBase"]
[SourceDate "2007.09.04"]

1. e4 d5 2. exd5 Qxd5 3. Nc3 Qa5 4. Nf3 Nf6 5. Bc4 Bg4 6. h3 Bh5 7. g4 Bg6 8.
d3 c6 9. Qe2 Nd5 10. Bd2 Qd8 11. Ne5 e6 12. h4 Nd7 13. h5 Bd6 14. Nxd7 Qxd7 15.
hxg6 O-O-O 16. gxh7 Nf4 17. Qf3 e5 18. Ne4 Bc7 19. O-O-O f5 20. gxf5 Qxf5 21.
Bxf4 exf4 22. Qh3 Qxh3 23. Rxh3 Bb6 24. Rg1 Bd4 25. c3 Bf6 26. Nxf6 gxf6 27.
Rg8 1-0

[Event "Mechanics' Summer TNM; G/2 d5"]
[Site "San Francisco"]
[Date "2018.06.26"]
[Round "5.6"]
[White "Wong, Russell"]
[Black "Shi, Jaysen"]
[Result "1-0"]
[WhiteElo "2200"]
[BlackElo "1931"]
[PlyCount "87"]
[EventDate "2018.??.??"]
[Source "ChessBase"]
[SourceDate "2007.09.04"]

1. e4 e6 2. Qe2 c5 3. Nf3 Nc6 4. g3 d6 5. Bg2 Be7 6. O-O Nf6 7. c3 O-O 8. d4 d5
9. e5 Nd7 10. Be3 a6 11. Nbd2 b5 12. a4 b4 13. Rfc1 Bb7 14. dxc5 bxc3 15. Rxc3
Ndxe5 16. Nxe5 Nxe5 17. b4 Nc6 18. Rb1 Bf6 19. Rd3 Qc7 20. f4 d4 21. Bf2 a5 22.
b5 Nb4 23. c6 Bc8 {[#]} 24. Nc4 Nxd3 25. Qxd3 Qe7 26. c7 Ra7 27. b6 Rb7 28.
Nxa5 Rxb6 29. Rxb6 Qxc7 30. Nc4 Bd7 31. a5 Rb8 32. Bxd4 Bb5 33. Rxb8+ Qxb8 34.
Bxf6 gxf6 35. Qd4 Bxc4 36. Qxc4 Qa7+ 37. Kh1 Qxa5 38. h4 Kg7 39. Qe2 Qf5 40.
Kh2 Qc5 41. Be4 f5 42. Bd3 Qd4 43. Kg2 {Find Black's worst move:} Kg6 $4 44.
Qg4+ 1-0

[Event "Mechanics' Summer TNM; G/2 d5"]
[Site "San Francisco"]
[Date "2018.07.10"]
[Round "7.3"]
[White "Wong, Russell"]
[Black "Walder, Michael S"]
[Result "1-0"]
[WhiteElo "2200"]
[BlackElo "2064"]
[Annotator "Winslow,E"]
[PlyCount "81"]
[EventDate "2018.??.??"]
[Source "ChessBase"]
[SourceDate "2007.09.04"]

1. e4 c5 2. Nf3 e6 3. d4 (3. b3) 3... cxd4 4. Nxd4 a6 5. c4 Nf6 6. Nd2 {
This has actually been played before! And it's 2-0 in the database! (Well, now
3-0) (Oops, 3-1)} Qb6 (6... Qc7 7. Be2 Bd6 8. g3 Bb4 9. Qc2 Qe5 10. N4f3 Qxe4
11. Qxe4 Nxe4 12. O-O Nf6 13. a3 Be7 14. b4 {pawn up, lost -- 1-0 (61) Barucco,
M-Valenti,G (2202) Arco 2000: 1-0 (61) Barucco,M-Valenti,G (2202) Arco 2000}) (
6... d6 7. b3 {sensible, with the N/d2 -- in fact, this game started as -- a
Dzindzi Indian! 1.d4 Nf6 2.c4 e6 3.Nf3 a6 4.Nbd2 c5 5.e4! cxd4 6.Nxd4. Perhaps
others...} b6 8. Bb2 Bb7 9. Bd3 Nbd7 10. O-O Be7 11. Qe2 e5 12. Nf5 Bf8 13.
Rfd1 g6 14. Ne3 Bh6 15. b4 O-O 16. a3 a5 17. Nb1 Nb8 18. c5 axb4 19. axb4 Rxa1
20. Bxa1 bxc5 21. bxc5 Qa5 22. Bb2 Qxc5 23. Ba3 Qc7 24. Nc4 Rd8 25. Nc3 Ba6 26.
Qa2 Bf8 27. Bf1 Rc8 28. Nxd6 Bxf1 29. Nxc8 Bc4 {
0-1 (157) Matviishen,V (2431) -Van Foreest,L (2485) Mamaia 2017}) (6... e5 $5 {
That knight now looks quite ridiculous on d2.} 7. Nf5 d5) 7. N4b3 (7. N2b3 Nc6
8. Be2 Be7 9. O-O O-O 10. Kh1 d6 11. f4 Qc7 12. Bd3 b6 13. a3 Bb7 14. Qf3 Rfe8
15. Qh3 g6 16. Nf3 Nd7 17. Bd2 Bf6 18. Bc3 Bxc3 19. bxc3 Na5 20. Nxa5 bxa5 21.
Ng5 Nf8 22. f5 exf5 23. exf5 Re5 24. Qh6 Qc6 25. Be4 Qxe4 26. Nxe4 Rxe4 27. f6
Ne6 28. Rac1 Rg4 29. Rf2 Be4 {1-0 (29) Geyer,B-Klee,H Germany 1992}) (7. Nc2 {
, Stockfish 9, gives White the high side of equality.}) 7... Nc6 8. Be2 d6 9.
O-O Be7 10. Kh1 {[#]} g5 $2 (10... a5 $1 {sends White into panic.} 11. Nb1 Nxe4
12. Be3 Qd8 $15) 11. c5 $1 dxc5 12. Nc4 Qc7 13. Bxg5 Nxe4 (13... O-O) 14. Bxe7
Kxe7 15. f3 (15. Qe1) (15. Bf3) 15... Rd8 $6 (15... Nd6 16. Nxd6 Qxd6 17. Qc1)
16. Qe1 Nf6 17. Nxc5 Nd4 18. Ne4 $18 Nxe4 $2 (18... Nd5) 19. fxe4 b5 20. Qh4+
Ke8 {[#]} 21. Rxf7 $1 Rd7 22. Rxd7 $6 (22. Rff1 Rg7 23. Rad1) 22... Kxd7 23.
Qxh7+ (23. Rd1) 23... Kc6 24. Na5+ $8 Qxa5 25. Rc1+ Kd6 26. b4 (26. e5+ $1)
26... Qb6 27. e5+ (27. Bg4) 27... Kxe5 (27... Kd5 28. Rd1) 28. Qg7+ (28. Rc5+
Kd6 29. Qd3 e5 30. Qg3 Nc6 31. Bf3) 28... Kd6 29. Qf8+ Kd7 30. Rd1 Bb7 31. Qg7+
Kd6 32. Rxd4+ Bd5 33. Bf3 Rc8 34. h3 $6 (34. Qg3+ $18) 34... Rc4 (34... Rc1+
$16 {has Black hanging on a bit longer}) 35. Qf8+ (35. Rd1 $1) 35... Kc7 36.
Rf4 $2 (36. Qe7+ Kb8 37. Rd1) 36... Rxf4 $2 (36... Rc1+ 37. Kh2 Qd6 {
Resistance is not futile.}) 37. Qxf4+ Qd6 $6 38. Qxd6+ Kxd6 39. Bxd5 Kxd5 40.
h4 Kc4 41. h5 1-0

[Event "Mechanics' Shipman TNM G/2 d/5"]
[Site "San Francisco"]
[Date "2018.09.04"]
[Round "5.1"]
[White "Wong, Russell"]
[Black "Winslow, Elliott C"]
[Result "0-1"]
[WhiteElo "2200"]
[BlackElo "2292"]
[Annotator "Winslow,Elliott"]
[PlyCount "52"]
[EventDate "2018.08.07"]
[EventType "swiss"]
[EventRounds "8"]
[EventCountry "USA"]
[Source "ChessBase"]
[SourceDate "2007.09.04"]

1. e4 c5 2. Nf3 d6 3. d4 cxd4 4. Nxd4 Nf6 5. Nc3 a6 6. a4 e6 7. Be2 Be7 8. O-O
Nc6 9. Be3 Qc7 10. Nb3 {Usually White waits for Black to play ...Bd7 before
this maneuver, so that a6 hangs in various variations.} b6 11. f4 O-O 12. Bf3
Rb8 13. Qe2 Na5 14. Nd2 Rd8 15. Rfd1 {[#]} d5 (15... Nd7 16. Qf2 Bf6 17. Rab1 (
17. Bd4 Bxd4 18. Qxd4 Bb7) (17. e5 dxe5 18. Nde4 Nc4)) 16. exd5 (16. e5 d4 17.
exf6 gxf6) 16... exd5 17. Nb3 Bf5 $6 (17... Re8 18. Bd4 Bb7) (17... Bb7 18. Bd4
Re8 19. Qf2 Nxb3 20. cxb3 Qxf4 21. Bxd5 Qxf2+ 22. Bxf2 Nxd5 23. Nxd5 Bxd5 24.
Rxd5 Bf6 25. Rad1 b5 $11) (17... Be6 18. Nd4 Bc5 19. Nxe6 fxe6 20. Bxc5 Qxc5+
21. Kh1 Re8 22. Qxa6 Qb4 $11) 18. Bd4 (18. Nxd5 Nxd5 19. Rxd5 (19. Bxd5 Bxc2)
19... Qxc2 20. Qxc2 Bxc2 21. Rxd8+ Rxd8 22. Nd4 Bd3 23. Rd1 Bc4 24. Nf5) 18...
Nxb3 19. cxb3 Bc5 20. Kh1 Bxd4 21. Rxd4 Be4 22. Rad1 Re8 23. Bxe4 dxe4 24. Nxe4
Qxf4 25. Nxf6+ Qxf6 {[#]} 26. Qxa6 $4 Qxd4 0-1

[Event "Mechanics' Winter TNM; G/2 d5"]
[Site "San Francisco"]
[Date "2018.02.06"]
[Round "5.10"]
[White "Wonsever, James"]
[Black "Askin, Michael Christopher"]
[Result "0-1"]
[WhiteElo "1825"]
[BlackElo "2019"]
[Annotator "Donaldson"]
[PlyCount "68"]
[EventDate "2018.??.??"]
[Source "ChessBase"]
[SourceDate "2007.09.04"]

1. d4 d5 2. Nf3 Nf6 3. g3 e6 4. Bg2 Be7 5. c4 O-O 6. Nbd2 c5 7. O-O Nc6 8. dxc5
Bxc5 9. cxd5 exd5 10. Qc2 $2 Qe7 11. e3 Bg4 12. a3 Rac8 13. b4 Bb6 14. Qb3 d4
15. Nxd4 Nxd4 16. exd4 Bxd4 17. Bb2 Be6 18. Rae1 Qd7 19. Rxe6 fxe6 20. Bh3 Rce8
21. Bxe6+ $2 (21. Bxd4 Qxd4 22. Bxe6+ $15) 21... Qxe6 22. Bxd4 Qxb3 23. Nxb3 b6
24. f4 Re2 25. Rf2 Rxf2 26. Kxf2 Rc8 27. Bxf6 Rc2+ 28. Ke3 gxf6 29. Nd4 Rc3+
30. Ke4 Rxa3 31. Kf5 Kf7 32. Ne6 a5 33. bxa5 bxa5 34. g4 Rc3 0-1

[Event "Mechanics' Shipman TNM; G/2 d/5"]
[Site "San Francisco"]
[Date "2018.09.11"]
[Round "6.13"]
[White "Wonsever, James"]
[Black "Drane, Robert"]
[Result "1-0"]
[WhiteElo "1933"]
[BlackElo "1806"]
[Annotator "Winslow,Elliott"]
[PlyCount "83"]
[EventDate "2018.??.??"]
[Source "ChessBase"]
[SourceDate "2007.09.04"]

1. d4 f5 2. Nf3 Nf6 3. e3 e6 4. c4 b6 5. Nc3 Bb7 6. Be2 Bb4 7. O-O O-O 8. Bd2
Bxc3 9. Bxc3 d6 10. b4 Nbd7 11. Rc1 Ne4 12. Bb2 Ndf6 13. Nd2 Nxd2 14. Qxd2 Qe8
15. c5 Ne4 16. Qe1 bxc5 17. bxc5 d5 $2 {I'd be loathe to shut in my bishop.} (
17... Rb8 $5 18. cxd6 cxd6 19. f3 Nf6 20. Ba3 Qd7 $14) 18. f3 Nf6 19. Bc3 (19.
Rb1 $16) 19... Bc6 20. Qg3 Qd7 21. Ba5 Rfc8 22. Ba6 Rcb8 23. Rb1 {
Both scoresheets say "Rcb1" -- I have to wonder.} ({But meanwhile,} 23. Bxc7
$18) ({or} 23. Qxc7 $18) 23... Ne8 24. Qe5 Kf7 25. h3 Qd8 26. Bd3 Rxb1 27. Bxb1
Rc8 28. e4 dxe4 29. fxe4 Qg5 30. d5 Qe3+ 31. Kh2 Bxd5 32. Rf3 Qxc5 33. exd5 Qd6
34. dxe6+ Ke7 35. Qxd6+ (35. Rxf5) 35... Nxd6 36. Bc3 (36. Bxf5) 36... g6 37.
Re3 Rb8 38. Bc2 Rb5 39. Ba4 Rc5 40. Bd7 Nc4 41. Bb4 Nxe3 42. Bxc5+ {
It's actually mate in eight; White ignores the knight.} 1-0

[Event "Mechanics' Summer TNM; G/2 d5"]
[Site "San Francisco"]
[Date "2018.06.05"]
[Round "2.18"]
[White "Wonsever, James"]
[Black "Enkhjargal, Gabriel"]
[Result "1-0"]
[WhiteElo "1872"]
[BlackElo "954"]
[Annotator "Winslow,E"]
[PlyCount "57"]
[EventDate "2018.??.??"]
[Source "ChessBase"]
[SourceDate "2007.09.04"]

1. d4 d5 2. c4 c6 3. Nf3 Nf6 4. Nc3 Bf5 $6 5. cxd5 cxd5 6. Qb3 Qd7 7. Ne5 Qc7
8. Bf4 Qb6 {(White 7-0 in Mega)} 9. Nxd5 Nxd5 10. Qxd5 e6 11. Qc4 Bb4+ 12. Kd1
O-O 13. e3 Bd6 (13... f6 14. Nd3 Na6 15. a3 Be7 16. Rc1 Rac8 17. Qa2 Kh8 18.
Be2 Rxc1+ 19. Nxc1 Qc6 20. Bd3 Qxg2 21. Re1 Bg4+ 22. Be2 Rc8 23. f3 Bf5 24. e4
Bh3 25. Qb3 b5 26. Qxb5 {1-0 (26) Jovanovic,Z (2291)-Pecurica,M Bar 2006}) (
13... Rd8 14. Bd3 Bxd3 15. Nxd3 Bd6 16. Bxd6 Qxd6 17. Ke2 Nd7 18. Rac1 Nb6 19.
Qc5 Rac8 20. Qxd6 Rxd6 21. Rxc8+ Nxc8 22. Rc1 Rc6 23. Rxc6 bxc6 24. Ne5 Ne7 25.
e4 f6 26. Nd7 Kf7 27. Kd3 Nc8 28. Nb8 Ne7 29. Kc4 Ke8 30. Kc5 Kd8 31. Nxc6+
Nxc6 32. Kxc6 {1-0 (32) Zuferi,E (2009)-Orhan,E (1759) Oberhof 2011}) 14. Qb5
Qxb5 15. Bxb5 a6 16. Ba4 b5 17. Bb3 Bxe5 18. Bxe5 Nd7 19. Bg3 Nf6 20. f3 Rad8
21. Ke2 Bg6 22. Rhd1 Rfe8 23. Rac1 Nh5 24. Be5 f6 25. Bc7 Rc8 26. g4 Re7 27.
Bd6 Rxc1 28. Rxc1 Rd7 29. Bxe6+ 1-0

[Event "Mechanics' Spring TNM; G/2 d5"]
[Site "San Francisco"]
[Date "2018.05.01"]
[Round "7.17"]
[White "Wonsever, James"]
[Black "Erickson, Lane"]
[Result "1-0"]
[WhiteElo "1825"]
[BlackElo "1588"]
[PlyCount "46"]
[EventDate "2018.??.??"]
[Source "ChessBase"]
[SourceDate "2007.09.04"]

1. d4 d5 2. c4 dxc4 3. e4 e5 4. Nf3 Bg4 5. Bxc4 Bb4+ 6. Bd2 Bxd2+ 7. Nbxd2 Nh6
8. dxe5 Nd7 9. Qb3 Nb6 10. O-O-O Qe7 11. Kb1 O-O-O 12. Bd3 Be6 13. Qc2 Ng4 14.
Rhf1 Bd7 15. Nc4 Nxc4 16. Bxc4 Nxe5 17. Nxe5 Qxe5 18. f4 Qe7 19. Rde1 Bc6 20.
e5 Rd4 21. Qf5+ Bd7 22. Qxf7 Qxf7 23. Bxf7 Rd2 {
Now it says "24. RB1 Kc8". And the rest doesn't provide adequate clues.} 1-0

[Event "Mechanics' Winter TNM; G/2 d5"]
[Site "San Francisco"]
[Date "2018.01.09"]
[Round "1.27"]
[White "Wonsever, James"]
[Black "Frank, Robert H"]
[Result "1-0"]
[WhiteElo "1825"]
[BlackElo "1282"]
[PlyCount "35"]
[EventDate "2018.??.??"]
[Source "ChessBase"]
[SourceDate "2007.09.04"]

1. d4 Nf6 2. c4 e6 3. Nf3 Bb4+ 4. Bd2 Bxd2+ 5. Nbxd2 O-O 6. e4 d5 7. cxd5 exd5
8. e5 Ne4 9. Bd3 f5 10. exf6 Nxd2 11. f7+ Rxf7 12. Qxd2 Nc6 13. O-O Qf6 14.
Rfe1 Bd7 15. Ng5 Qf4 16. Bxh7+ Kh8 17. Nxf7+ Kxh7 18. Qxf4 1-0

[Event "Mechanics' Walter Shipman TNM G/2 d/5"]
[Site "San Francisco"]
[Date "2018.10.02"]
[Round "9.4"]
[White "Wonsever, James"]
[Black "Ivanov, Aleksandr"]
[Result "0-1"]
[WhiteElo "1933"]
[BlackElo "2197"]
[Annotator "Winslow,Elliott"]
[PlyCount "62"]
[EventDate "2018.??.??"]
[Source "ChessBase"]
[SourceDate "2007.09.04"]

1. d4 Nf6 2. c4 g6 3. Nc3 Bg7 4. Nf3 O-O 5. e4 d6 6. Be2 e5 7. h3 exd4 8. Nxd4
Re8 9. Bg5 h6 10. Bxf6 Qxf6 11. Ndb5 Na6 12. O-O Bd7 13. Bf3 Bc6 14. Rb1 h5 15.
Nd5 Bxd5 16. exd5 (16. Qxd5 $4 c6) 16... h4 $2 (16... Re7 17. b4 Nb8 18. c5 a6
19. Na3 Nd7) 17. Qd2 $6 (17. Qc1) (17. b4 $14) 17... Kh7 18. b4 Re5 19. Rfe1
Rae8 20. a3 Bh6 21. Rxe5 Rxe5 22. Qd4 Bf4 (22... Nxb4 $1 23. axb4 a6) 23. Rd1
c6 $2 (23... Nxb4 $1 24. axb4 a6) 24. dxc6 bxc6 25. Bxc6 $16 Nb8 $2 (25... Nc7
26. Rf1 Nxb5 27. cxb5 Kg7 28. a4 (28. Qxa7 Re2 29. Bd5 Be5)) 26. Bd5 $2 (26.
Be4 $1 $18) 26... a6 $15 27. Qa7 axb5 28. Qxb8 $2 (28. Qxf7+ Qxf7 29. Bxf7 Kg7
30. Bd5 bxc4 31. Bxc4 Nd7 $17) 28... bxc4 29. Bxc4 d5 $19 30. Bf1 Re1 31. Qxf4
Rxf1+ 0-1

[Event "Mechanics' Winter TNM; G/2 d5"]
[Site "San Francisco"]
[Date "2018.02.20"]
[Round "7.10"]
[White "Wonsever, James"]
[Black "Jones, James E"]
[Result "0-1"]
[WhiteElo "1825"]
[BlackElo "2017"]
[Annotator "Donaldson"]
[PlyCount "58"]
[EventDate "2018.??.??"]
[Source "ChessBase"]
[SourceDate "2007.09.04"]

1. d4 Nf6 2. c4 c5 3. d5 Ne4 4. Nf3 Qa5+ 5. Bd2 (5. Nbd2) 5... Nxd2 6. Nbxd2 g6
7. e4 d6 8. Be2 Bg7 9. Qc2 Bg4 10. O-O Nd7 11. h3 Bxf3 12. Nxf3 a6 13. a4 O-O
14. Nd2 Qb4 15. Ra3 Rfb8 16. Rb1 Nf6 17. a5 $6 b5 18. axb6 Qxb6 19. f4 Nd7 20.
Kh1 Qb4 21. Rb3 Qa5 22. Ra3 Qc7 23. Rg3 Rb4 24. h4 $6 Rab8 25. b3 a5 26. h5 a4
27. bxa4 $2 (27. Rh3) 27... Rxb1+ 28. Nxb1 Qa5 29. Nd2 $2 (29. Nc3) 29... Rb2
0-1

[Event "Mechanics' Summer TNM; G/2 d/5"]
[Site "San Francisco"]
[Date "2018.06.19"]
[Round "4.5"]
[White "Wonsever, James"]
[Black "Kobernat, Alan E"]
[Result "1-0"]
[WhiteElo "1872"]
[BlackElo "2000"]
[PlyCount "99"]
[EventDate "2018.??.??"]
[Source "ChessBase"]
[SourceDate "2007.09.04"]

1. d4 f5 2. Nf3 Nf6 3. c4 g6 4. Nc3 Bg7 5. e3 O-O 6. Be2 d6 7. O-O c6 8. Qc2
Qe8 9. d5 Na6 10. a3 Nc5 11. Nd2 e5 12. dxe6 Bxe6 13. b4 Nce4 14. Bb2 Nxd2 15.
Qxd2 Rd8 16. Rad1 Qf7 17. Qd3 Ne4 18. f3 Nxc3 19. Bxc3 d5 20. c5 Bxc3 21. Qxc3
Qe7 22. Rd4 a6 23. Re1 Rde8 24. Kf2 f4 25. exf4 Bf5 26. g3 Qg7 27. Qd2 Re7 28.
Bd1 Rfe8 29. Rxe7 Rxe7 30. g4 Bc8 31. Bc2 Qf6 32. Kg3 Qf8 33. h4 Qe8 34. Kf2
Kg7 35. Rd3 Qf7 36. Qc3+ Kg8 37. Qd4 h5 38. Kg3 hxg4 39. fxg4 Re4 40. Qf2 Qe6
41. Bd1 Re1 42. Bf3 Qe7 43. Rd2 Re6 44. Re2 Kf7 45. Rxe6 Bxe6 46. Qd4 Ke8 47.
Qe5 Qf7 48. Be2 Qd7 49. Qg5 Kf7 50. Bd3 1-0

[Event "Mechanics' Summer TNM; G/2 d5"]
[Site "San Francisco"]
[Date "2018.07.03"]
[Round "6.6"]
[White "Wonsever, James"]
[Black "Mackenzie, Dana N"]
[Result "1/2-1/2"]
[WhiteElo "1872"]
[BlackElo "2180"]
[Annotator "Winslow,Elliott"]
[PlyCount "103"]
[EventDate "2018.??.??"]
[Source "ChessBase"]
[SourceDate "2007.09.04"]

1. d4 Nf6 2. c4 d5 3. cxd5 Nxd5 4. e4 (4. Nf3 $1) 4... Nf6 5. Nc3 (5. e5 $5 Nd5
6. Bc4 {transposing into Karpov's line vs. the Queen's Gambit Accepted}) 5...
e5 $1 {The classic reaction we all learn as post-beginners -- but is it really
so good?} 6. Bb5+ $2 {This isn't it.} (6. Nf3 $5) (6. d5 {has done pretty well
as well, considering how easy Black's game is supposed to be.}) (6. dxe5 Qxd1+
7. Kxd1 Ng4 {is how it continues, but...} 8. Nd5 Nxf2+ 9. Ke1 Nxh1 10. Nxc7+
Kd8 11. Nxa8 {isn't so simple.} Bb4+ 12. Ke2 Bg4+ 13. Nf3 {
computer likes White by a bit...}) 6... c6 7. dxe5 Qxd1+ 8. Nxd1 Nxe4 9. Bc4
Bb4+ 10. Ke2 Be7 (10... Nd7 11. Nf3 O-O) 11. f3 (11. f4) 11... Nc5 12. a3 (12.
f4) 12... a5 (12... Nbd7 13. Bf4 g5 $1 (13... Nb6) (13... f6) 14. Bg3 h5 $17)
13. Be3 Be6 14. Bxe6 Nxe6 15. Nc3 f6 (15... g5) 16. exf6 Bxf6 17. f4 $6 (17.
Nh3) (17. Rd1) 17... O-O 18. g3 Nd4+ (18... Na6 $1) 19. Bxd4 Bxd4 20. Kd3 (20.
Nf3) 20... Bf6 21. Nf3 Nd7 22. Rad1 Rfe8 23. Rhe1 Rxe1 24. Rxe1 Rd8 25. Kc2 Nc5
26. Ne4 Nxe4 27. Rxe4 Rd5 28. b4 Kf7 29. h3 g6 (29... a4) 30. g4 h6 31. Nd2
axb4 32. axb4 c5 33. bxc5 Rxc5+ 34. Rc4 Rxc4+ 35. Nxc4 Ke6 36. Kd3 Kd5 37. Nb6+
Kc6 38. Nc4 b5 39. Nd2 Kd5 40. Nb3 b4 41. Nd2 Bg7 42. Nb3 Bc3 43. Nc1 Be1 44.
Ke2 Bh4 45. Kd3 Be1 46. Ke2 Bg3 47. Kf3 Bh4 48. Ke2 Ke4 49. Nd3 Be7 {
[#] White has defended well, and now grabs a tactic to lock up the draw:} 50.
f5 gxf5 51. gxf5 Kxf5 52. Nxb4 1/2-1/2

[Event "Mechanics' Shipman TNM; G/2 d/5"]
[Site "San Francisco"]
[Date "2018.08.07"]
[Round "1.13"]
[White "Wonsever, James"]
[Black "McEnroe, Glenn"]
[Result "1-0"]
[WhiteElo "1933"]
[BlackElo "1500"]
[PlyCount "49"]
[EventDate "2018.??.??"]
[Source "ChessBase"]
[SourceDate "2007.09.04"]

1. d4 Nf6 2. c4 g6 3. Nf3 d5 4. cxd5 Nxd5 5. e4 Nb6 6. Nc3 Bg7 7. Be3 O-O 8.
Be2 Nc6 9. h3 a6 10. O-O Nd7 11. Bc4 e6 12. e5 Nb6 13. Bb3 Na5 14. Bc2 Nd5 15.
Nxd5 Qxd5 16. Qe2 b6 17. Bd2 Bb7 18. Rfd1 Rfd8 19. Bg5 Rdc8 20. b4 Qc4 21. Qd2
Bxf3 22. gxf3 Nb7 23. Be4 Rab8 24. Rdc1 Qb5 25. Bc6 1-0